| 000 | 00893nam a2200181Ia 4500 | ||
|---|---|---|---|
| 008 | 151202s9999||||xx |||||||||||||| ||und|| | ||
| 082 | _bPNVM-47790 | ||
| 100 | _a"पवार जगन्नाथ, अकोलकर ग. वि. संपा." | ||
| 245 | _aसंत निवृत्तिनाथ महाराज यांची अभंगगाथा. | ||
| 260 | _bलेखक. | ||
| 260 | _c1974 | ||
| 300 | _a82 | ||
| 600 | _a"पवार जगन्नाथ, अकोलकर ग. वि. संपा." | ||
| 630 | _aसंत निवृत्तिनाथ महाराज यांची अभंगगाथा. | ||
| 700 | _a"पवार जगन्नाथ, अकोलकर ग. वि. संपा." | ||
| 730 | _aसंत निवृत्तिनाथ महाराज यांची अभंगगाथा. | ||
| 942 | _cBOOK | ||
| 999 |
_c1313739 _d1313736 |
||